000 00440nam a2200181Ia 4500
001 20460
005 20260306172807.0
008 260306t2016||||xx |||||||||||||| ||spa||
041 _aESP
082 _a342.211
_bL22
100 _aLanda Arroyo, César
_eAUT
245 0 _aConvencionalización del derecho peruano
260 _c2016
300 _a221 páginas :
_c21 cm.
650 _aGEN
654 _aCDE
942 _cLIB
_dJUS
_fJUS
_2ddc
_n
999 _c20460
_d20460